| 000 | 01085cab a2200265 4500 | ||
|---|---|---|---|
| 001 | ABS56874 | ||
| 008 | 090401t1997 xxu||||| |||| 00| 0 eng d | ||
| 035 | _a(Sirsi) u77982 | ||
| 041 | _aeng | ||
| 245 | _aDonath and another v Second Duke of Westminster`s Trustees | ||
| 260 | _c1997 | ||
| 350 | _a0 | ||
| 490 |
_aEstates Gazette _v[1997] 13 EG 120-135(15) |
||
| 520 | _aLVT 14 April 1996. Tenants held underlease of two maisonettes and two garages. In December 1993 gave notice to acquire freehold from S. Purchasers contended for a price of £265,000 and landlords for £734,000. Price payable for freehold should be £583,000. Freeholders entitled to 50% of marriage value. | ||
| 650 | _aAPPROPRIATE RISK RATES | ||
| 650 | _aDONATH AND ANOTHER V SECOND DUKE OF WESTMINSTER`S TRUSTEEES | ||
| 650 | _aFREEHOLD | ||
| 650 | _aGROUND RENTS | ||
| 650 | _aLEASEHOLD REFORM, HOUSING AND URBAN DEVELOPMENT ACT 1993 | ||
| 650 | _aMARRIAGE VALUES | ||
| 650 | _aRIGHT TO BUY | ||
| 690 | _aLANDLORD AND TENANT-CASE LAW-LEASEHOLD REFORM | ||
| 942 | _n0 | ||
| 948 | _c28/04/1997 | ||
| 999 |
_c49051 _d49051 |
||